Statistics for JetPunk Users with the most Featured Quizzes by Language

Click here to take the quiz!

General Stats

  • This quiz has been taken 7 times
  • The average score is 13 of 32

Answer Stats

Language#User% Correct
Italian3CeliaZ | +4
86%
French31BolyaiAnna
71%
Portuguese4caiocpr1 | +1
71%
Portuguese297IAB
71%
Spanish374Jato3
71%
4 languagesvariesJerry928
71%
English234relessness
71%
8 languagesvariesStewart
71%
2 languagesvariesGamer1162
57%
German567Gassu
57%
Finnish611Penguinish
57%
English122Quizzer6794
57%
Polish280SaturnPL
57%
French41baptistegorce
43%
Dutch317Nilles
43%
2 languagesvariesskukka
43%
Polish136youtubeplayer
43%
English163Aaron197
29%
German146alberici
29%
English114KoljiVriVoda
29%
Polish152Levisek27PL
29%
2 languagesvariesQuizgas
29%
Dutch22Barry90
14%
Italian22Beppe0
14%
Portuguese196jpedrocm
14%
Finnish4markjohan
14%
Italian7marquez100
14%
Finnish6ThisIsAGreatUserName
14%
Portuguese5deltanz
0%
Dutch24LyricsGeographyHistory
0%
Finnish14SilverDun
0%
German35SwissO
0%

Score Distribution

Percentile by Number Answered

Percent of People with Each Score

Your Score History

You have not taken this quiz